New Trade Strategy For The World Economy (Record no. 60491)

MARC details
000 -LEADER
fixed length control field 00405nam a2200145Ia 4500
008 - FIXED-LENGTH DATA ELEMENTS--GENERAL INFORMATION
fixed length control field 211109s9999||||xx |||||||||||||| ||und||
082 ## - DEWEY DECIMAL CLASSIFICATION NUMBER
Classification number 330
Item number JOH-N
100 ## - MAIN ENTRY--PERSONAL NAME
Personal name Johnson, Harry G
245 #0 - TITLE STATEMENT
Title New Trade Strategy For The World Economy
260 ## - PUBLICATION, DISTRIBUTION, ETC.
Name of publisher, distributor, etc. GEORGE g Harrap
Place of publication, distribution, etc. LONDON
Date of publication, distribution, etc. 1969
300 ## - PHYSICAL DESCRIPTION
Extent 344p.
630 ## - SUBJECT ADDED ENTRY--UNIFORM TITLE
General subdivision Post Graduate Reference
650 ## - SUBJECT ADDED ENTRY--TOPICAL TERM
Topical term or geographic name entry element SOCIAL SCIENCE
942 ## - ADDED ENTRY ELEMENTS (KOHA)
Koha item type BOOK
650 ## - SUBJECT ADDED ENTRY--TOPICAL TERM
Form subdivision ECONOMICSEconomics
Holdings
Withdrawn status Lost status Damaged status Not for loan Home library Current library Date acquired Cost, normal purchase price Total Checkouts Full call number Barcode Shelving location Date last seen Price effective from Koha item type
        SB LIBRARY SB LIBRARY 09/11/2021 50.00   330 JOH-N 00043942 POST GRADUATE REFERENCE 09/11/2021 09/11/2021 BOOK

Powered by Koha